Catalog

Record Details

Catalog Search



Puppy dance party! / adapted by Hollis James ; ... Read More

James, Hollis,(writer.).
Lovett, Nate,(illustrator.). McKenzie, Jason,(writer of teleplay.).
Series: PAW patrol

Available copies

  • 0 of 1 copy available at LARL/NWRL Consortium. (Show)
  • 0 of 1 copy available at Northwest Regional Library.

Current holds

0 current holds with 1 total copy.

Show Only Available Copies
Location Call Number / Copy Notes Barcode Shelving Location Status Due Date
Hallock Public Library e JAM (Text) 35500006763682 Main Checked out 07/14/2026

Record details

  • ISBN: 9781984849359
  • ISBN: 1984849352
  • Physical Description: 1 volume (unpaged) : color illustrations ; 21 x 21 ... Read More
  • Publisher: New York : Random House, [2019]

Content descriptions

Summary, etc.:
"DJ Rubble is hosting a celebration, but when the ... Read More
Target Audience Note:
AD560L Lexile
Study Program Information Note:
Accelerated Reader LG 3.4 0.5 510766
Subject: Rescues > Juvenile fiction.
Dogs > Juvenile fiction.
Parties > Juvenile fiction.
Disc jockeys > Juvenile fiction.
Genre: Picture books.
LDR 01945cam a2200469Ii 4500
001432282
003LARL_NWRL_CONSORTIUM
00520240226171351.0
008190626s2019 nyua 000 1 eng d
020 . ‡a9781984849359 ‡q(softcover)
020 . ‡a1984849352 ‡q(softcover)
035 . ‡a(OCoLC)1105733974
040 . ‡aHBP ‡beng ‡erda ‡cHBP ‡dMLY ‡dUAP ‡dGZD ‡dUtOrBLW
08204. ‡a[E] ‡223
1001 . ‡aJames, Hollis, ‡ewriter.
24510. ‡aPuppy dance party! / ‡cadapted by Hollis James ; based on the teleplays "Pups save Chicken Day" by Jason McKenzie ; illustrated by Nate Lovett.
2461 . ‡iAt head of title: ‡aPaw Patrol
264 1. ‡aNew York : ‡bRandom House, ‡c[2019]
264 4. ‡c©2019
300 . ‡a1 volume (unpaged) : ‡bcolor illustrations ; ‡c21 x 21 cm
336 . ‡atext ‡btxt ‡2rdacontent
336 . ‡astill image ‡bsti ‡2rdacontent
337 . ‡aunmediated ‡bn ‡2rdamedia
338 . ‡avolume ‡bnc ‡2rdacarrier
340 . ‡pillustration ‡2rdaill
4900 . ‡aPAW patrol
5218 . ‡aAD560L ‡bLexile
5260 . ‡aAccelerated Reader ‡bLG ‡c3.4 ‡d0.5 ‡z510766
590 . ‡aAccompanying material may vary.
520 . ‡a"DJ Rubble is hosting a celebration, but when the guest of honor, Chickaletta, goes missing, it's up to the pups from Adventure Bay to save the day. Boys and girls ages 3 to 7 will love this exciting storybook, which features a lenticular design that makes the party seems to pop off the cover!"--Amazon.
650 0. ‡aRescues ‡vJuvenile fiction. ‡0(LARL_NWRL_CONSORTIUM)174660
650 0. ‡aDogs ‡vJuvenile fiction. ‡0(LARL_NWRL_CONSORTIUM)164650
650 0. ‡aParties ‡vJuvenile fiction. ‡0(LARL_NWRL_CONSORTIUM)173958
650 0. ‡aDisc jockeys ‡vJuvenile fiction.
655 7. ‡aPicture books. ‡2lcgft
7001 . ‡aLovett, Nate, ‡eillustrator.
7001 . ‡aMcKenzie, Jason, ‡ewriter of teleplay.
7300 . ‡aPAW patrol (Television program)
901 . ‡a432282 ‡bAUTOGEN ‡c432282 ‡tbiblio

Additional Resources